[Event "Titled Tuesday intern op 16th Apr Late"]
[Site "Chess.com INT"]
[Date "2024.04.16"]
[Round "7"]
[White "Micic, Aleksa"]
[Black "Aranda, Juan Manuel"]
[Result "1-0"]
[WhiteElo "2223"]
[BlackElo "2102"]
[PlyCount "45"]
[EventDate "2024.04.16"]
[EventType "swiss (blitz)"]
[EventRounds "11"]
[EventCountry "USA"]
[SourceTitle "CB17_2024"]
[SourceDate "2024.04.24"]
[SourceVersion "1"]
[SourceVersionDate "2024.04.24"]
[SourceQuality "1"]

1. e4 d6 2. d4 g6 3. Nc3 Bg7 4. Be3 c6 5. a4 a5 6. Qd3 Na6 7. Qd2 Nb4 8. Bc4 Nf6 9. f3 d5 10. exd5 cxd5 11. Bb5+ Bd7 12. Nge2 Rc8 13. Rc1 0-0 14. 0-0 Bxb5 15. Nxb5 Qd7 16. c3 Nc6 17. Nf4 h5 18. Nd3 b6 19. Bf4 Qf5 20. Rfe1 Rfe8 21. Ne5 Nxe5 22. dxe5 Qd7 23. exf6 1-0

[Event "Titled Tuesday intern op 16th Apr Late"]
[Site "Chess.com INT"]
[Date "2024.04.16"]
[Round "11"]
[White "Micic, Aleksa"]
[Black "Gao, Raymond"]
[Result "1-0"]
[WhiteElo "2223"]
[BlackElo "2001"]
[PlyCount "93"]
[EventDate "2024.04.16"]
[EventType "swiss (blitz)"]
[EventRounds "11"]
[EventCountry "USA"]
[SourceTitle "CB17_2024"]
[SourceDate "2024.04.24"]
[SourceVersion "1"]
[SourceVersionDate "2024.04.24"]
[SourceQuality "1"]

1. e4 Na6 2. d4 c6 3. Nf3 d5 4. Nc3 Nc7 5. h3 dxe4 6. Nxe4 Nf6 7. Bd3 Nxe4 8. Bxe4 Nd5 9. c4 Nf6 10. Bc2 e6 11. 0-0 Be7 12. Re1 0-0 13. b3 c5 14. Bb2 cxd4 15. Nxd4 Bd7 16. Qf3 Qc7 17. Rad1 Rfd8 18. g4 Bc6 19. Nxc6 Qxc6 20. Qxc6 bxc6 21. Kg2 a5 22. g5 Nh5 23. Kf3 a4 24. Kg4 g6 25. Be4 axb3 26. axb3 Rab8 27. Rxd8+ Bxd8 28. Rd1 Be7 29. Be5 Rc8 30. Rd7 Bf8 31. Bc3 Ng7 32. b4 Nf5 33. c5 h5+ 34. Kf3 Be7 35. Bxf5 Bxg5 36. Be4 Kf8 37. Be5 Ke8 38. Ra7 Be7 39. Rc7 Rxc7 40. Bxc7 Kd7 41. Bb6 f5 42. Bc2 e5 43. Bb3 e4+ 44. Kf4 Bh4 45. Bf7 Bg5+ 46. Kxg5 Ke7 47. Bxg6 1-0

[Event "Titled Tuesday intern op 16th Apr Late"]
[Site "Chess.com INT"]
[Date "2024.04.16"]
[Round "1"]
[White "Micic, Aleksa"]
[Black "Garcia Ramos, Daniel"]
[Result "0-1"]
[WhiteElo "2223"]
[BlackElo "2426"]
[PlyCount "72"]
[EventDate "2024.04.16"]
[EventType "swiss (blitz)"]
[EventRounds "11"]
[EventCountry "USA"]
[SourceTitle "CB17_2024"]
[SourceDate "2024.04.24"]
[SourceVersion "1"]
[SourceVersionDate "2024.04.24"]
[SourceQuality "1"]

1. e4 c6 2. d4 d5 3. e5 Bf5 4. h4 h5 5. c4 e6 6. Nc3 dxc4 7. Bxc4 Nd7 8. Nge2 Ne7 9. Ng3 Bg6 10. 0-0 Nf5 11. Bg5 Be7 12. Bxe7 Qxe7 13. Nxf5 Bxf5 14. g3 g5 15. hxg5 Qxg5 16. Qc1 Qxc1 17. Raxc1 Ke7 18. f3 Rag8 19. Kf2 c5 20. dxc5 Nxe5 21. Be2 h4 22. g4 Bd3 23. Rcd1 Rd8 24. b4 Rd7 25. a3 Rhd8 26. Bxd3 Rxd3 27. Rxd3 Rxd3 28. Nb5 Rxf3+ 29. Kg2 h3+ 30. Kg1 Rxf1+ 31. Kxf1 Nxg4 32. Nxa7 f5 33. b5 f4 34. c6 h2 35. Kg2 f3+ 36. Kh1 f2 0-1

[Event "Titled Tuesday intern op 16th Apr Late"]
[Site "Chess.com INT"]
[Date "2024.04.16"]
[Round "6"]
[White "Turgut, Aydin"]
[Black "Micic, Aleksa"]
[Result "1-0"]
[WhiteElo "2322"]
[BlackElo "2223"]
[PlyCount "109"]
[EventDate "2024.04.16"]
[EventType "swiss (blitz)"]
[EventRounds "11"]
[EventCountry "USA"]
[SourceTitle "CB17_2024"]
[SourceDate "2024.04.24"]
[SourceVersion "1"]
[SourceVersionDate "2024.04.24"]
[SourceQuality "1"]

1. e4 c5 2. Nf3 d6 3. d4 cxd4 4. Nxd4 Nf6 5. Nc3 g6 6. h3 Bg7 7. g4 Nc6 8. Be3 0-0 9. Bg2 Bd7 10. 0-0 Rc8 11. Nce2 Qa5 12. c3 h5 13. g5 Ne8 14. f4 Nxd4 15. cxd4 Ba4 16. b3 Bb5 17. a4 Ba6 18. Rf2 Nc7 19. Rb1 Ne6 20. b4 Bxe2 21. Qxe2 Qxa4 22. Qd3 a5 23. f5 Nd8 24. f6 exf6 25. gxf6 Bh8 26. e5 dxe5 27. dxe5 Ne6 28. bxa5 Rfd8 29. Qe4 Rc4 30. Qxb7 Qxa5 31. Bb6 Qxe5 32. Bxd8 Nxd8 33. Qe7 Qd4 34. Rb8 Rc1+ 35. Kh2 Rd1 36. Rbb2 Kh7 37. Rbe2 h4 38. Qe4 Qd6+ 39. Qf4 Bxf6 40. Qxd6 Rxd6 41. Re8 Kg7 42. Re4 Ne6 43. Bf1 Bg5 44. Bc4 Nf4 45. Rexf4 Bxf4+ 46. Rxf4 Rd2+ 47. Kg1 f5 48. Rxh4 g5 49. Rh5 Kf6 50. Rh8 Ke5 51. Rf8 Kf4 52. Be6 Kg3 53. Bc4 f4 54. Bf1 f3 55. Rg8 1-0

[Event "Titled Tuesday intern op 26th Sep Late"]
[Site "Chess.com INT"]
[Date "2023.09.26"]
[Round "1"]
[White "Danielyan, Vahe"]
[Black "Micic, Aleksa"]
[Result "1-0"]
[WhiteElo "2318"]
[BlackElo "2145"]
[PlyCount "85"]
[EventDate "2023.09.26"]
[EventType "swiss (blitz)"]
[EventRounds "11"]
[EventCountry "USA"]
[SourceTitle "EXT 2024"]
[Source "ChessBase"]
[SourceDate "2023.10.10"]
[SourceVersion "1"]
[SourceVersionDate "2023.10.10"]
[SourceQuality "1"]

1. e4 c5 2. Nc3 a6 3. g3 b5 4. Bg2 Bb7 5. Nge2 e6 6. d4 cxd4 7. Nxd4 Nf6 8. a3 d5 9. exd5 Nxd5 10. Ne4 Be7 11. 0-0 0-0 12. h4 Nd7 13. h5 h6 14. c3 Nc5 15. Nxc5 Bxc5 16. Re1 Qb6 17. Qg4 Nf6 18. Qh4 Bxg2 19. Kxg2 Bxd4 20. cxd4 Qc6+ 21. f3 Qc2+ 22. Kg1 Qf5 23. Bxh6 gxh6 24. Re5 Qxf3 25. Rf1 Qg4 26. Rxf6 Qxh4 27. gxh4 Kg7 28. Rf4 Rac8 29. Re2 Rc7 30. Rg2+ Kh7 31. Kh2 Rg8 32. Rgf2 f5 33. Re2 Rc6 34. d5 e5 35. dxc6 exf4 36. c7 f3 37. Rd2 f2 38. Rxf2 Rc8 39. Rc2 Kg7 40. Rc6 a5 41. Kg3 b4 42. Kf4 bxa3 43. bxa3 1-0

[Event "Titled Tuesday intern op 26th Sep Late"]
[Site "Chess.com INT"]
[Date "2023.09.26"]
[Round "5"]
[White "Micic, Aleksa"]
[Black "Wisniowski, Natalie"]
[Result "1-0"]
[WhiteElo "2145"]
[BlackElo "1896"]
[PlyCount "61"]
[EventDate "2023.09.26"]
[EventType "swiss (blitz)"]
[EventRounds "11"]
[EventCountry "USA"]
[SourceTitle "EXT 2024"]
[Source "ChessBase"]
[SourceDate "2023.10.10"]
[SourceVersion "1"]
[SourceVersionDate "2023.10.10"]
[SourceQuality "1"]

1. e4 c5 2. Nf3 d6 3. d4 cxd4 4. Qxd4 Nc6 5. Qe3 Bg4 6. h3 Bh5 7. Be2 Nf6 8. 0-0 e6 9. Rd1 Qc7 10. c4 Be7 11. Nc3 0-0 12. b3 Rfd8 13. Bb2 Rac8 14. Rac1 Nd7 15. Nd5 exd5 16. cxd5 Qb6 17. Qxb6 Nxb6 18. dxc6 bxc6 19. Nd4 Bxe2 20. Nxe2 Bg5 21. f4 Be7 22. Nd4 Bf6 23. Ba3 c5 24. Nf5 g6 25. Nxd6 Bd4+ 26. Rxd4 cxd4 27. Nxc8 Nxc8 28. Kf2 Nb6 29. Ke2 Nd7 30. Kd3 Nf6 31. Be7 1-0

[Event "Titled Tuesday intern op 12th Sep Late"]
[Site "Chess.com INT"]
[Date "2023.09.12"]
[Round "7"]
[White "Becerra, Juan David"]
[Black "Micic, Aleksa"]
[Result "1-0"]
[WhiteElo "2348"]
[BlackElo "2145"]
[PlyCount "31"]
[EventDate "2023.09.12"]
[EventType "swiss (blitz)"]
[EventRounds "11"]
[EventCountry "USA"]
[SourceTitle "EXT 2024"]
[Source "ChessBase"]
[SourceDate "2023.10.10"]
[SourceVersion "1"]
[SourceVersionDate "2023.10.10"]
[SourceQuality "1"]

1. e4 c5 2. Nf3 d6 3. d4 cxd4 4. Nxd4 Nf6 5. Nc3 g6 6. f3 Bg7 7. h4 0-0 8. Be3 Nc6 9. Qd2 Bd7 10. g4 Rc8 11. Nxc6 Bxc6 12. h5 Qa5 13. hxg6 hxg6 14. Bh6 b5 15. Bxg7 Kxg7 16. Qh6+ 1-0

[Event "Titled Tuesday intern op 12th Sep Late"]
[Site "Chess.com INT"]
[Date "2023.09.12"]
[Round "11"]
[White "Zampronha, Wladimir Camilo"]
[Black "Micic, Aleksa"]
[Result "0-1"]
[WhiteElo "2170"]
[BlackElo "2145"]
[PlyCount "90"]
[EventDate "2023.09.12"]
[EventType "swiss (blitz)"]
[EventRounds "11"]
[EventCountry "USA"]
[SourceTitle "EXT 2024"]
[Source "ChessBase"]
[SourceDate "2023.10.10"]
[SourceVersion "1"]
[SourceVersionDate "2023.10.10"]
[SourceQuality "1"]

1. e4 c5 2. Nf3 d6 3. d4 cxd4 4. Nxd4 Nf6 5. Nc3 g6 6. Be3 Bg7 7. f3 0-0 8. Qd2 Nc6 9. Bc4 Nxd4 10. Bxd4 Be6 11. Bb3 Qa5 12. 0-0-0 b5 13. Kb1 b4 14. Nd5 Bxd5 15. exd5 Qb5 16. Rhe1 a5 17. Qe2 Qxe2 18. Rxe2 a4 19. Bc4 Rfc8 20. b3 axb3 21. cxb3 Rc7 22. Rde1 Kf8 23. g4 Ne8 24. Bxg7+ Nxg7 25. Re4 Ne8 26. Bb5 Nf6 27. Rd4 Ra5 28. Bc6 e6 29. Rxb4 Nxd5 30. Bxd5 Rxd5 31. Re2 Rd3 32. Rf2 Rcc3 33. Kb2 Rxf3 34. Rxf3 Rxf3 35. a4 Rf2+ 36. Ka3 Rf1 37. Rd4 d5 38. a5 Ke7 39. b4 Kd6 40. Ka4 e5 41. Rd2 e4 42. b5 e3 43. Rb2 Rf2 44. Rb1 e2 45. b6 Rf1 0-1

[Event "Titled Tuesday intern op 05th Sep Late"]
[Site "Chess.com INT"]
[Date "2023.09.05"]
[Round "10"]
[White "Micic, Aleksa"]
[Black "Hernando Rodrigo, Julio Antonio"]
[Result "1-0"]
[WhiteElo "2145"]
[BlackElo "2208"]
[PlyCount "71"]
[EventDate "2023.09.05"]
[EventType "swiss (blitz)"]
[EventRounds "11"]
[EventCountry "USA"]
[SourceTitle "EXT 2024"]
[Source "ChessBase"]
[SourceDate "2023.10.10"]
[SourceVersion "1"]
[SourceVersionDate "2023.10.10"]
[SourceQuality "1"]

1. d4 d5 2. Nc3 e6 3. e4 Bb4 4. Nge2 dxe4 5. a3 Be7 6. Nxe4 Nf6 7. Nxf6+ Bxf6 8. Be3 0-0 9. Qd2 e5 10. dxe5 Qxd2+ 11. Bxd2 Bxe5 12. 0-0-0 Nc6 13. Bf4 a6 14. Bxe5 Nxe5 15. h3 Bf5 16. Ng3 Bg6 17. f4 Nc6 18. f5 Rae8 19. fxg6 fxg6 20. Bc4+ Kh8 21. Rhf1 Ne5 22. Be2 h5 23. h4 Rf6 24. Ne4 Rxf1 25. Rxf1 Ng4 26. Bxg4 Rxe4 27. Bf3 Rf4 28. Re1 b6 29. Re4 Rf7 30. Re6 Kh7 31. Kd2 Rf4 32. Ke3 Rxh4 33. Rc6 g5 34. Rxc7 g4 35. Be4+ Kh6 36. Rc6+ 1-0

[Event "Titled Tuesday intern op 05th Sep Late"]
[Site "Chess.com INT"]
[Date "2023.09.05"]
[Round "1"]
[White "Micic, Aleksa"]
[Black "Leiva Rodriguez, Jeammarco Giuseppe"]
[Result "0-1"]
[WhiteElo "2145"]
[BlackElo "2393"]
[PlyCount "42"]
[EventDate "2023.09.05"]
[EventType "swiss (blitz)"]
[EventRounds "11"]
[EventCountry "USA"]
[SourceTitle "EXT 2024"]
[Source "ChessBase"]
[SourceDate "2023.10.10"]
[SourceVersion "1"]
[SourceVersionDate "2023.10.10"]
[SourceQuality "1"]

1. e4 c5 2. Nc3 d6 3. d4 cxd4 4. Qxd4 Nf6 5. b3 Nc6 6. Qd2 e5 7. Bb2 Be7 8. 0-0-0 0-0 9. f3 a5 10. a4 Be6 11. Kb1 Nb4 12. g4 d5 13. g5 Nh5 14. Nxd5 Bxg5 15. Qc3 Rc8 16. Qxe5 Bxd5 17. exd5 Re8 18. Qd4 Rxc2 19. Qg4 Bf6 20. Ba3 Qc7 21. Bc4 Qe5 0-1

[Event "Titled Tuesday intern op 05th Sep Late"]
[Site "Chess.com INT"]
[Date "2023.09.05"]
[Round "3"]
[White "Rodriguez Dominguez, Melissa"]
[Black "Micic, Aleksa"]
[Result "0-1"]
[WhiteElo "2011"]
[BlackElo "2145"]
[PlyCount "86"]
[EventDate "2023.09.05"]
[EventType "swiss (blitz)"]
[EventRounds "11"]
[EventCountry "USA"]
[SourceTitle "EXT 2024"]
[Source "ChessBase"]
[SourceDate "2023.10.10"]
[SourceVersion "1"]
[SourceVersionDate "2023.10.10"]
[SourceQuality "1"]

1. e4 c5 2. Nf3 e6 3. d4 cxd4 4. Nxd4 Nc6 5. Nc3 Qc7 6. Be3 a6 7. Be2 Nf6 8. 0-0 Be7 9. f4 d6 10. Qe1 b5 11. a3 Bb7 12. Bf3 0-0 13. Qg3 Kh8 14. Nxc6 Bxc6 15. e5 Nd5 16. Nxd5 Bxd5 17. Bxd5 exd5 18. c3 dxe5 19. fxe5 Bc5 20. Bd4 Rae8 21. Rac1 Rxe5 22. Kh1 Bd6 23. Bxe5 Bxe5 24. Qh3 f6 25. Rcd1 Rd8 26. Rf5 Qc4 27. Qf3 h6 28. Qf1 Qb3 29. Qf3 Qxb2 30. g3 Qxa3 31. Rxd5 Rxd5 32. Qxd5 Qa1+ 33. Kg2 Qxc3 34. Rf2 b4 35. Qa8+ Kh7 36. Qxa6 b3 37. Rf3 Qd2+ 38. Rf2 Qd5+ 39. Kh3 b2 40. Qe2 b1Q 41. Qc2+ Qxc2 42. Rxc2 Qe4 43. Rc8 Qf5+ 0-1

[Event "Titled Tuesday intern op 22nd Aug Early"]
[Site "Chess.com INT"]
[Date "2023.08.22"]
[Round "11"]
[White "Balla, Tamas Kristof"]
[Black "Micic, Aleksa"]
[Result "0-1"]
[WhiteElo "2303"]
[BlackElo "2235"]
[PlyCount "84"]
[EventDate "2023.08.22"]
[EventType "swiss (blitz)"]
[EventRounds "11"]
[EventCountry "USA"]
[SourceTitle "EXT 2024"]
[Source "ChessBase"]
[SourceDate "2023.10.10"]
[SourceVersion "1"]
[SourceVersionDate "2023.10.10"]
[SourceQuality "1"]

1. e4 c5 2. c3 d5 3. exd5 Qxd5 4. d4 cxd4 5. Nf3 e6 6. cxd4 Nc6 7. Nc3 Bb4 8. Bd3 Nf6 9. 0-0 Bxc3 10. bxc3 0-0 11. Re1 b6 12. Bg5 Bb7 13. Bxf6 gxf6 14. Re4 f5 15. Rh4 Ne7 16. Qd2 Ng6 17. Rh3 f4 18. Re1 Rad8 19. Be4 Qd7 20. Ne5 Nxe5 21. Bxh7+ Kg7 22. Rxe5 f6 23. Qxf4 fxe5 24. Qg5+ Kf7 25. Bg6+ Kg8 26. Bh7+ Kf7 27. Bg6+ Kg8 28. Qh5 Qg7 29. Bh7+ Kh8 30. Bg6+ Kg8 31. Bh7+ Kh8 32. Bf5+ Kg8 33. Bxe6+ Rf7 34. Rg3 Rdf8 35. Rxg7+ Kxg7 36. Bxf7 Rxf7 37. Qxe5+ Kf8 38. f3 Re7 39. Qf6+ Ke8 40. h4 Kd7 41. h5 Re6 42. h6 Rxf6 0-1

[Event "Titled Tuesday intern op 22nd Aug Early"]
[Site "Chess.com INT"]
[Date "2023.08.22"]
[Round "4"]
[White "Nugumanov, Bakhtiyar"]
[Black "Micic, Aleksa"]
[Result "0-1"]
[WhiteElo "2317"]
[BlackElo "2235"]
[PlyCount "94"]
[EventDate "2023.08.22"]
[EventType "swiss (blitz)"]
[EventRounds "11"]
[EventCountry "USA"]
[SourceTitle "EXT 2024"]
[Source "ChessBase"]
[SourceDate "2023.10.10"]
[SourceVersion "1"]
[SourceVersionDate "2023.10.10"]
[SourceQuality "1"]

1. Nf3 d5 2. g3 Nf6 3. Bg2 c5 4. 0-0 Nc6 5. d4 cxd4 6. Nxd4 e5 7. Nxc6 bxc6 8. c4 h6 9. Nc3 Be6 10. Qa4 Qd7 11. Rd1 Bd6 12. cxd5 cxd5 13. Qxd7+ Kxd7 14. Nxd5 Nxd5 15. Bxd5 Bxd5 16. Rxd5 Ke6 17. Rd1 Rac8 18. Be3 Rc2 19. Rd2 Rhc8 20. Rad1 Bb4 21. Rd7 a5 22. a3 Be7 23. R7d2 f5 24. Rxc2 Rxc2 25. Rd2 Rxd2 26. Bxd2 a4 27. Kg2 Bc5 28. e3 g5 29. Bc3 Kd5 30. Kf3 g4+ 31. Ke2 Ke4 32. Ba5 Bd6 33. Bd8 f4 34. exf4 exf4 35. Bf6 h5 36. Bc3 Bc5 37. Bf6 f3+ 38. Ke1 Kd3 39. Bg7 Bd6 40. Bc3 Bxa3 41. Bf6 Bb4+ 42. Kd1 Bc5 43. Ke1 Kc2 44. Bg7 Bb4+ 45. Kf1 Kd1 46. h3 Bd2 47. hxg4 hxg4 0-1

[Event "Titled Tuesday intern op 18th Jul Early"]
[Site "Chess.com INT"]
[Date "2023.07.18"]
[Round "4"]
[White "Micic, Aleksa"]
[Black "Berezin, Viktor1111"]
[Result "0-1"]
[WhiteElo "2235"]
[BlackElo "2307"]
[PlyCount "90"]
[EventDate "2023.07.18"]
[EventType "swiss (blitz)"]
[EventRounds "11"]
[EventCountry "USA"]
[SourceTitle "EXT 2024"]
[Source "ChessBase"]
[SourceDate "2023.10.10"]
[SourceVersion "1"]
[SourceVersionDate "2023.10.10"]
[SourceQuality "1"]

1. d4 Nf6 2. Nf3 g6 3. Nc3 Bg7 4. e4 0-0 5. Be3 d6 6. Qd2 c6 7. 0-0-0 b5 8. Bd3 Qa5 9. Kb1 b4 10. Ne2 e5 11. dxe5 dxe5 12. Bh6 Be6 13. Nc1 Nbd7 14. h4 c5 15. Bxg7 Kxg7 16. Qe2 h5 17. Nd2 Qc7 18. Nc4 a5 19. f3 Nb6 20. Rhg1 Nfd7 21. g4 Rh8 22. g5 Nxc4 23. Bxc4 Bxc4 24. Qxc4 Nb6 25. Qf1 c4 26. f4 exf4 27. Ne2 Rhe8 28. Rd4 Rad8 29. Qf2 Qc5 30. Qxf4 Rxd4 31. Qf6+ Kg8 32. Nxd4 Rxe4 33. Rd1 Nd5 34. Qd8+ Kg7 35. Nf3 Qe3 36. Qxd5 Qxf3 37. Qd2 c3 38. bxc3 bxc3 39. Qd3 Qf4 40. Qxc3+ Kh7 41. Qb3 Rb4 42. Kb2 a4 43. Qxb4 Qxb4+ 44. Ka1 a3 45. Rd3 Qb2# 0-1

[Event "Titled Tuesday intern op 18th Jul Early"]
[Site "Chess.com INT"]
[Date "2023.07.18"]
[Round "7"]
[White "Micic, Aleksa"]
[Black "Turzo, Attila"]
[Result "0-1"]
[WhiteElo "2235"]
[BlackElo "2279"]
[PlyCount "114"]
[EventDate "2023.07.18"]
[EventType "swiss (blitz)"]
[EventRounds "11"]
[EventCountry "USA"]
[SourceTitle "EXT 2024"]
[Source "ChessBase"]
[SourceDate "2023.10.10"]
[SourceVersion "1"]
[SourceVersionDate "2023.10.10"]
[SourceQuality "1"]

1. d4 Nf6 2. Nc3 g6 3. e4 d6 4. Be3 c6 5. f3 b5 6. a4 b4 7. Nce2 Nbd7 8. Qd2 a5 9. 0-0-0 Ba6 10. Bh6 Bxh6 11. Qxh6 c5 12. dxc5 Nxc5 13. e5 Nfd7 14. exd6 Nxa4 15. Qg7 Rf8 16. Nd4 Bxf1 17. dxe7 Qxe7 18. Rxf1 0-0-0 19. Nc6 Qe3+ 20. Kb1 Rde8 21. Nh3 Qc5 22. Nd4 Rg8 23. Qxf7 Qxd4 24. Qb3 Ndc5 25. Qa2 Rg7 26. Rd1 Qf6 27. Nf2 Rb7 28. Ne4 Nxe4 29. Qxa4 Nc3+ 30. bxc3 bxc3+ 31. Ka1 Re5 32. Rd4 Qb6 33. Qc4+ Kb8 34. Qxc3 Rc5 35. Qa3 Rxc2 36. Qd6+ Qxd6 37. Rxd6 Rxg2 38. Rd5 Rbb2 39. Rxa5 Rxh2 40. Rb5+ Rxb5 41. Rxh2 h5 42. Rg2 Rb6 43. f4 Kc7 44. f5 gxf5 45. Rg5 Rh6 46. Rxf5 h4 47. Rf2 h3 48. Rh2 Kd6 49. Kb2 Ke5 50. Kc2 Kf4 51. Kd2 Kg3 52. Rh1 Kg2 53. Re1 h2 54. Re2+ Kf3 55. Re3+ Kf2 56. Re2+ Kf3 57. Re3+ Kf4 0-1

[Event "Titled Tuesday intern op 11th Jul Late"]
[Site "Chess.com INT"]
[Date "2023.07.11"]
[Round "1"]
[White "Micic, Aleksa"]
[Black "Matinian, Nikita"]
[Result "0-1"]
[WhiteElo "2235"]
[BlackElo "2421"]
[PlyCount "152"]
[EventDate "2023.07.11"]
[EventType "swiss (blitz)"]
[EventRounds "11"]
[EventCountry "USA"]
[SourceTitle "EXT 2024"]
[Source "ChessBase"]
[SourceDate "2023.10.10"]
[SourceVersion "1"]
[SourceVersionDate "2023.10.10"]
[SourceQuality "1"]

1. d4 Nf6 2. Nf3 e6 3. g3 b5 4. Bg2 Bb7 5. 0-0 c5 6. a4 b4 7. Nbd2 cxd4 8. Nxd4 Bxg2 9. Kxg2 Qb6 10. N2b3 Nc6 11. Be3 Ng4 12. Bc1 h5 13. h3 Nge5 14. Bf4 Nc4 15. Nb5 e5 16. Qd5 exf4 17. Qxc4 a6 18. N5d4 Nxd4 19. Nxd4 Qc5 20. Qxc5 Bxc5 21. Nb3 Bd6 22. Rad1 Be5 23. Rd5 Bxb2 24. gxf4 Rc8 25. Nd4 Rh6 26. Rb1 Bxd4 27. Rxd4 a5 28. Rd5 Ra6 29. Rbd1 Rxc2 30. Rxh5 Rxe2 31. Rdd5 Ra2 32. Rxa5 Rxa4 33. Rxa6 Rxa6 34. Rb5 Ra4 35. Kf3 Ke7 36. Rb6 g6 37. Kg4 d6 38. Rb7+ Ke6 39. h4 Ra2 40. Rxb4 Rxf2 41. Re4+ Kf6 42. Rd4 Ke7 43. Re4+ Kd7 44. h5 gxh5+ 45. Kxh5 Rg2 46. f5 Rg8 47. f6 Re8 48. Rf4 d5 49. Kh6 Rg8 50. Kh7 Rg6 51. Rf1 Ke6 52. Re1+ Kxf6 53. Rf1+ Ke6 54. Re1+ Kd6 55. Rf1 Ke7 56. Re1+ Re6 57. Rd1 Rd6 58. Kg7 f6 59. Re1+ Re6 60. Rd1 Re5 61. Kg6 Ke6 62. Ra1 Rg5+ 63. Kh6 d4 64. Ra6+ Ke5 65. Ra5+ Ke4 66. Ra6 Rg1 67. Rxf6 d3 68. Re6+ Kf3 69. Rf6+ Ke2 70. Re6+ Kd1 71. Ra6 Rg2 72. Ra1+ Ke2 73. Ra2+ d2 74. Kh5 Ke1 75. Ra1+ d1Q+ 76. Rxd1+ Kxd1 0-1

[Event "Titled Tuesday intern op 11th Jul Late"]
[Site "Chess.com INT"]
[Date "2023.07.11"]
[Round "11"]
[White "Papayan, Oleg"]
[Black "Micic, Aleksa"]
[Result "0-1"]
[WhiteElo "2253"]
[BlackElo "2235"]
[PlyCount "66"]
[EventDate "2023.07.11"]
[EventType "swiss (blitz)"]
[EventRounds "11"]
[EventCountry "USA"]
[SourceTitle "EXT 2024"]
[Source "ChessBase"]
[SourceDate "2023.10.10"]
[SourceVersion "1"]
[SourceVersionDate "2023.10.10"]
[SourceQuality "1"]

1. e4 c5 2. Nf3 d6 3. d4 cxd4 4. Nxd4 Nf6 5. Nc3 g6 6. Be3 Bg7 7. Qd2 0-0 8. f3 Nc6 9. 0-0-0 Bd7 10. h4 Rc8 11. g4 Ne5 12. h5 Qa5 13. hxg6 fxg6 14. Kb1 Nxf3 15. Nxf3 Rxc3 16. Qxc3 Qxc3 17. bxc3 Nxe4 18. Bc4+ e6 19. Bd4 Rxf3 20. Bxg7 Kxg7 21. Rd3 Rf2 22. Rhd1 d5 23. Kb2 Bc6 24. Bb3 a5 25. a4 Rg2 26. c4 Nc5 27. cxd5 Nxd3+ 28. Rxd3 exd5 29. Bxd5 Bxa4 30. Bb3 Bc6 31. Rd4 Kf6 32. Kc3 Ke5 33. Kc4 a4 0-1

[Event "Titled Tuesday intern op 11th Jul Late"]
[Site "Chess.com INT"]
[Date "2023.07.11"]
[Round "8"]
[White "Thiel, Thomas"]
[Black "Micic, Aleksa"]
[Result "1-0"]
[WhiteElo "2195"]
[BlackElo "2235"]
[PlyCount "116"]
[EventDate "2023.07.11"]
[EventType "swiss (blitz)"]
[EventRounds "11"]
[EventCountry "USA"]
[SourceTitle "EXT 2024"]
[Source "ChessBase"]
[SourceDate "2023.10.10"]
[SourceVersion "1"]
[SourceVersionDate "2023.10.10"]
[SourceQuality "1"]

1. e4 c5 2. Nc3 d6 3. f4 g6 4. Nf3 Bg7 5. Bc4 Nc6 6. 0-0 e6 7. f5 Nf6 8. fxe6 fxe6 9. d3 0-0 10. e5 Ng4 11. exd6 Qxd6 12. Ne4 Bd4+ 13. Kh1 Qc7 14. g3 Bd7 15. Nfg5 Rxf1+ 16. Qxf1 Rf8 17. Bf4 Be5 18. Nxe6 Bxe6 19. Bxe6+ Kg7 20. Bxg4 Bxf4 21. gxf4 Rxf4 22. Qh3 Ne5 23. Be2 c4 24. Rf1 Rxf1+ 25. Qxf1 cxd3 26. Qf6+ Kg8 27. Bxd3 Nxd3 28. cxd3 Qc1+ 29. Kg2 Qc2+ 30. Nf2 Qa4 31. Qd8+ Kg7 32. Qc7+ Kg8 33. Qb8+ Kg7 34. Qxb7+ Kh6 35. a3 a5 36. Qe4 Qd7 37. Qf4+ g5 38. Qf6+ Kh5 39. Qf3+ Kg6 40. Ne4 Qd4 41. Qf6+ Qxf6 42. Nxf6 Kxf6 43. b4 a4 44. Kf3 h5 45. d4 Ke6 46. b5 Kd5 47. Kg3 Kd6 48. Kf2 Kd5 49. Kg2 Kd6 50. Kf3 Kd5 51. Ke3 Kd6 52. Ke4 Ke6 53. d5+ Kd6 54. b6 Kd7 55. Kf5 g4 56. Kg5 h4 57. Kxg4 Kd6 58. Kxh4 Kd7 1-0

[Event "Titled Tuesday intern op 11th Jul Late"]
[Site "Chess.com INT"]
[Date "2023.07.11"]
[Round "10"]
[White "Vila Dupla, Aurelio"]
[Black "Micic, Aleksa"]
[Result "0-1"]
[WhiteElo "2030"]
[BlackElo "2235"]
[PlyCount "130"]
[EventDate "2023.07.11"]
[EventType "swiss (blitz)"]
[EventRounds "11"]
[EventCountry "USA"]
[SourceTitle "EXT 2024"]
[Source "ChessBase"]
[SourceDate "2023.10.10"]
[SourceVersion "1"]
[SourceVersionDate "2023.10.10"]
[SourceQuality "1"]

1. Nf3 Nf6 2. d4 d5 3. c4 e6 4. cxd5 exd5 5. Nc3 c6 6. Qc2 g6 7. Bg5 Be7 8. e3 Bf5 9. Bd3 Bxd3 10. Qxd3 0-0 11. 0-0 Nbd7 12. Rfe1 b5 13. Ne2 Ne4 14. Bxe7 Qxe7 15. Rac1 Rac8 16. Rc2 Nb6 17. b3 Qd6 18. Rec1 a5 19. Ng3 f5 20. Ne5 Nxg3 21. hxg3 c5 22. Qxb5 c4 23. bxc4 dxc4 24. Nxc4 Nxc4 25. Rxc4 Rb8 26. Qxa5 Ra8 27. Qc7 Qxc7 28. Rxc7 Rxa2 29. R1c2 Rb8 30. Kh2 Ra1 31. g4 fxg4 32. Kg3 h5 33. Re7 Rf8 34. Rcc7 Rf6 35. Re8+ Rf8 36. Rxf8+ Kxf8 37. Kf4 Ra5 38. e4 g5+ 39. Kg3 Ra3+ 40. f3 gxf3 41. gxf3 g4 42. Kf4 Rxf3+ 43. Ke5 g3 44. Rc8+ Kg7 45. Rc7+ Kg6 46. Rc8 Kg7 47. Rc7+ Rf7 48. Rc1 h4 49. Rg1 Kg6 50. d5 Kg5 51. d6 Kg4 52. Ke6 Rh7 53. d7 Rxd7 54. Kxd7 h3 55. e5 h2 56. Rc1 g2 57. e6 g1Q 58. Rxg1+ hxg1Q 59. e7 Qd4+ 60. Ke6 Qc4+ 61. Kd6 Qf7 62. Kd7 Qd5+ 63. Kc8 Qe6+ 64. Kd8 Qd6+ 65. Ke8 Kf5 0-1

[Event "Titled Tuesday intern op 04th Jul Late"]
[Site "Chess.com INT"]
[Date "2023.07.04"]
[Round "3"]
[White "Micic, Aleksa"]
[Black "Belov, Alexei"]
[Result "0-1"]
[WhiteElo "2235"]
[BlackElo "2421"]
[PlyCount "68"]
[EventDate "2023.07.04"]
[EventType "swiss (blitz)"]
[EventRounds "11"]
[EventCountry "USA"]
[SourceTitle "EXT 2024"]
[Source "ChessBase"]
[SourceDate "2023.10.10"]
[SourceVersion "1"]
[SourceVersionDate "2023.10.10"]
[SourceQuality "1"]

1. d4 e6 2. e4 d5 3. exd5 exd5 4. Bd3 Nf6 5. h3 c5 6. dxc5 Bxc5 7. Nf3 0-0 8. 0-0 Nc6 9. a3 Re8 10. b4 Bb6 11. Bb2 Ne4 12. Nc3 Qf6 13. Nxe4 Qxb2 14. Nd6 Re7 15. Nxc8 Rxc8 16. Bf5 Rd8 17. Qd3 g6 18. Bg4 h5 19. Bxh5 gxh5 20. Qf5 Qg7 21. Qxh5 Qg6 22. Qh4 Re4 23. g4 Rde8 24. Rad1 Ne5 25. Ng5 Bd8 26. f4 Rxf4 27. Rxf4 Bxg5 28. Qg3 Bxf4 29. Qxf4 Qxc2 30. Rxd5 Ng6 31. Qf2 Qb1+ 32. Kg2 Qe4+ 33. Qf3 Nh4+ 34. Kg3 Qxf3+ 0-1